Les équipements de sport - Statistiques

Statistiques générales
  • Ce quiz a été pris 65 fois
  • Le résultat moyen est 64 sur 108
Statistiques - réponses
Question Tuile Select % Correct
Parmi ces sports de ballon ou de balle, lesquels ont été codifiés en Angleterre ? Non
93%
Parmi ces sports de ballon ou de balle, lesquels ont été codifiés en Angleterre ? Non
87%
Parmi ces sports de ballon ou de balle, lesquels ont été codifiés en Angleterre ? Non
87%
Parmi ces sports de ballon ou de balle, lesquels ont été codifiés en Angleterre ? Non
87%
Parmi ces sports de ballon ou de balle, lesquels ont été codifiés en Angleterre ? Non
85%
Dans quels sports, parmi ceux-ci utilise-t-on des chaussures spécifiques ?, c'est-à-dire que n'ont pas d'autre usage. Non
83%
Dans quels sports, parmi ceux-ci utilise-t-on des chaussures spécifiques ?, c'est-à-dire que n'ont pas d'autre usage. Oui
83%
Quels sports peuvent se pratiquer avec un casque ? Oui
83%
Quels sports peuvent se pratiquer avec un casque ? Non
83%
Dans quels sports la roue est-elle utile voire indispensable ? Non
83%
Dans quels sports la roue est-elle utile voire indispensable ? Oui
83%
Dans quels sports la roue est-elle utile voire indispensable ? Oui
83%
Dans quels sports peut-on utiliser un ou des tapis ? Non
83%
Quels sports peuvent se pratiquer avec un casque ? Oui
82%
Quels sports peuvent se pratiquer avec un casque ? Oui
82%
Quels sports peuvent se pratiquer avec un casque ? Non
82%
Dans quels sports la roue est-elle utile voire indispensable ? Oui
82%
Dans quels sports la roue est-elle utile voire indispensable ? Non
82%
Dans quels sports la roue est-elle utile voire indispensable ? Non
82%
Dans quels sports la roue est-elle utile voire indispensable ? Oui
82%
Dans quels sports peut-on utiliser un ou des tapis ? Non
82%
Quels couples sont correctement associés ? Bandeau / Cyclisme Non
82%
Quels sont les sports dit nautiques parmi ceux ci ? BMX Non
82%
Dans quels sports utilise-t-on une arme ? Bodyboard Non
82%
Quels couples sont correctement associés ? Bonnet / Natation Oui
82%
Quels sont les sports dit nautiques parmi ceux ci ? Lancer de poids Non
82%
Dans quels sports utilise-t-on une arme ? Pilates Non
82%
Parmi ces sports de ballon ou de balle, lesquels ont été codifiés en Angleterre ? Non
80%
Dans quels sports utilise-t-on des mousquetons ? Non
80%
Dans quels sports utilise-t-on des mousquetons ? Oui
80%
Dans quels sports utilise-t-on une arme ? Boxe Non
80%
Dans quels sports utilise-t-on une arme ? Equitation Non
80%
Dans quels sports utilise-t-on une arme ? Escrime Oui
80%
Dans quels sports utilise-t-on une arme ? Slack line Non
80%
Quels sont les sports dit nautiques parmi ceux ci ? Surf Oui
80%
Parmi ces sports de ballon ou de balle, lesquels ont été codifiés en Angleterre ? Oui
78%
Parmi ces sports de ballon ou de balle, lesquels ont été codifiés en Angleterre ? Non
78%
Dans quels sports utilise-t-on des mousquetons ? Non
78%
Dans quels sports peut-on utiliser un ou des tapis ? Oui
78%
Quels sont les sports dit nautiques parmi ceux ci ? Floorball Non
78%
Parmi ces sports de ballon ou de balle, lesquels ont été codifiés en Angleterre ? Oui
77%
Dans quels sports utilise-t-on des mousquetons ? Non
77%
Dans quels sports, parmi ceux-ci utilise-t-on des chaussures spécifiques ?, c'est-à-dire que n'ont pas d'autre usage. Oui
77%
Quel est le plus ancien de ces sports de raquette ? Non
77%
Quels couples sont correctement associés ? Casque / Ski Oui
77%
Quels couples sont correctement associés ? Melon / Cricket Non
77%
Quels sports peuvent se pratiquer avec un casque ? Non
75%
Quels sports peuvent se pratiquer avec un casque ? Non
75%
Quel est le plus ancien de ces sports de raquette ? Non
75%
Quels couples sont correctement associés ? Bombe / Equitation Oui
75%
Dans quels sports, parmi ceux-ci utilise-t-on des chaussures spécifiques ?, c'est-à-dire que n'ont pas d'autre usage. Non
73%
Quels sports peuvent se pratiquer avec un casque ? Oui
73%
Dans quels sports peut-on utiliser un ou des tapis ? Oui
73%
Dans quels sports peut-on utiliser un ou des tapis ? Oui
73%
Dans quels sports peut-on utiliser un ou des tapis ? Oui
72%
Quels sont les sports dit nautiques parmi ceux ci ? Kitesurf Oui
72%
Dans quels sports, parmi ceux-ci utilise-t-on des chaussures spécifiques ?, c'est-à-dire que n'ont pas d'autre usage. Non
70%
Dans quels sports peut-on utiliser un ou des tapis ? Non
70%
Quels sont les sports dit nautiques parmi ceux ci ? Apnée Oui
70%
Quels sont les sports dit nautiques parmi ceux ci ? Squash Non
70%
Dans quels sports, parmi ceux-ci utilise-t-on des chaussures spécifiques ?, c'est-à-dire que n'ont pas d'autre usage. Oui
68%
Quel est le plus ancien de ces sports de raquette ? Non
68%
Quels sports peuvent se pratiquer avec un casque ? Oui
67%
Quel est le plus ancien de ces sports de raquette ? Non
65%
Dans quels sports utilise-t-on une arme ? Biathlon Oui
65%
Quels sont les sports dit nautiques parmi ceux ci ? Plongeon Oui
65%
Quels sont les sports dit nautiques parmi ceux ci ? Rafting Oui
60%
Quels sports peuvent se pratiquer avec un casque ? Oui
58%
Quel est le plus ancien de ces sports de raquette ? Non
58%
Dans quels sports utilise-t-on des mousquetons ? Oui
55%
Quels sont les sports dit nautiques parmi ceux ci ? Flyboard Oui
55%
Quels couples sont correctement associés ? Canotier / Bateau Non
48%
Quels sont les sports dit nautiques parmi ceux ci ? Padel Non
48%
Parmi ces sports de ballon ou de balle, lesquels ont été codifiés en Angleterre ? Oui
47%
Dans quels sports utilise-t-on des mousquetons ? Oui
47%
Parmi ces sports de ballon ou de balle, lesquels ont été codifiés en Angleterre ? Oui
45%
Dans quels sports utilise-t-on une arme ? Pentathlon Oui
45%
Parmi ces sports de ballon ou de balle, lesquels ont été codifiés en Angleterre ? Oui
43%
Dans quels sports, parmi ceux-ci utilise-t-on des chaussures spécifiques ?, c'est-à-dire que n'ont pas d'autre usage. Non
43%
Dans quels sports utilise-t-on une arme ? Aïkido Oui
43%
Dans quels sports, parmi ceux-ci utilise-t-on des chaussures spécifiques ?, c'est-à-dire que n'ont pas d'autre usage. Oui
40%
Quel est le plus ancien de ces sports de raquette ? Oui
38%
Quels sont les sports dit nautiques parmi ceux ci ? Longe-côte Oui
37%
Dans quels sports utilise-t-on une arme ? Boomerang Oui
35%
Quels sont les sports dit nautiques parmi ceux ci ? Skimboard Oui
35%
Parmi ces sports de ballon ou de balle, lesquels ont été codifiés en Angleterre ? Oui
33%
Quels couples sont correctement associés ? Bob / Randonnée Oui
33%
Dans quels sports, parmi ceux-ci utilise-t-on des chaussures spécifiques ?, c'est-à-dire que n'ont pas d'autre usage. Oui
30%
Quels sont les sports dit nautiques parmi ceux ci ? Joutes Oui
28%
Quels sont les sports dit nautiques parmi ceux ci ? Wakeskate Oui
27%
Parmi ces sports de ballon ou de balle, lesquels ont été codifiés en Angleterre ? Oui
25%
Dans quels sports peut-on utiliser un ou des tapis ? Oui
23%
Dans quels sports utilise-t-on des mousquetons ? Oui
22%
Dans quels sports utilise-t-on des mousquetons ? Oui
22%
Dans quels sports utilise-t-on des mousquetons ? Oui
18%
Quels couples sont correctement associés ? Chapka / Ski de fond Oui
17%
Quels sports peuvent se pratiquer avec un casque ? Non
13%
Dans quels sports peut-on utiliser un ou des tapis ? Oui
12%
Dans quels sports peut-on utiliser un ou des tapis ? Oui
10%
Quels sports peuvent se pratiquer avec un casque ? Non
8%
Dans quels sports utilise-t-on une arme ? Athlétisme Oui
8%
Quels couples sont correctement associés ? Casquette / Basket Oui
7%
Dans quels sports utilise-t-on une arme ? Taekwondo Oui
7%
Parmi ces sports de ballon ou de balle, lesquels ont été codifiés en Angleterre ? Oui
5%
Dans quels sports la roue est-elle utile voire indispensable ? Oui
2%
Dans quels sports peut-on utiliser un ou des tapis ? Oui
2%
Dans quels sports peut-on utiliser un ou des tapis ? Oui
2%
Dans quels sports la roue est-elle utile voire indispensable ? Oui
0%
Aucun quiz correspondant
Distribution des résultats
% des personnes avec chaque résultat
Percentile par nombre de réponses
Votre historique - résultats
Vous n’avez pas pris ce quiz